000 00388nam a2200145Ia 4500
008 210210b1947 xxu||||| |||| 00| 0 eng d
082 _a741.6 VICI
100 _aVICKERS (W A).
245 _aIllustration for displays and showcards.
260 _aLondon.
_bBlandford Press
_c1947
300 _a96
650 _aDisplays Showcards, Illustrations
690 _aThe Arts
906 _a027182
999 _c78478
_d78478